Paroles - On se retrouvera - Francis Lalanne - Statistiques

Statistiques générales
  • Ce quiz a été pris 120 fois
  • Le résultat moyen est 118 sur 136
Statistiques - réponses
Paroles % Correct
à
100%
Je
98%
je
98%
ne
98%
Ne
98%
se
98%
de
96%
De
96%
la
96%
le
96%
on
96%
On
96%
retrouvera
96%
tu
96%
Tu
96%
Et
95%
me
95%
moi
95%
moi,
95%
Pense
95%
que
95%
ta
95%
te
95%
comme
93%
les
93%
mort
93%
nous
93%
Qui
93%
pas
91%
t'ai
91%
t'aime
91%
verras,
91%
plus
89%
Rien
89%
Sur
89%
tes
89%
un
89%
bras
88%
en
88%
Même
88%
séparera
88%
son
88%
fort
86%
loin
86%
programme
86%
si
86%
briseras
84%
grand
84%
ordinateur
84%
est
82%
ce
81%
délivreras
81%
dit
81%
avoir
79%
chrysanthèmes
79%
drame
79%
faire
79%
l'anathème
79%
Mais
79%
peur
79%
Promets-
79%
promets
79%
tient
79%
tout
79%
L'amour
77%
D'être
75%
jamais
74%
mon
74%
N'oublie
74%
Elle
72%
elle
72%
dans
70%
toi,
70%
vie
70%
coeur
68%
survis
68%
âme
63%
entre
63%
Ni
63%
ni
63%
n'aura
61%
prendra
61%
Près
60%
serai
60%
paradis
58%
toujours
58%
mettront
53%
l'enfer
47%
Aucun quiz correspondant
Distribution des résultats
% des personnes avec chaque résultat
Percentile par nombre de réponses
Votre historique - résultats
Vous n’avez pas pris ce quiz